00809nam a22002297a 4500999001500000001000500015003000900020005001700029008004100046040003800087082002400125245006200149260006100211300002200272504004100294505001100335650004300346700002300389710002800412942001200440952012700452 c1845d18459571BD-DhUAP20200217122329.0200217s20011989bg b 00| 0 eng d aBD-DhUAPcBD-DhUAPbEngdBD-DhUAP00223a348.5492046 BAN aBangladesh legal decisions /cedited by Sahabuddin Ahmad. aDhaka :bBangladesh bar council,c1989 [Reprinted 2001]. avolumes ;c24 cm. aIncludes bibliographical references. aV. 9-- aLaw reports, digests, etczBangladesh. aAhmad, Sahabuddin. aBangladesh Bar Council.002ddccBK 00102ddc4070aUAPCLbUAPCLcGeneral Stacksd2020-02-17o348.5492046 BAN V-9p3010009571r2020-02-17t1w2020-02-17yBK